[Event "Francophone-ch blitz 5th"]
[Site "Cannes"]
[Date "2018.07.13"]
[Round "7"]
[White "Bauer, Christian"]
[Black "Brih, Said"]
[Result "1-0"]
[WhiteElo "2644"]
[BlackElo "2293"]
[PlyCount "78"]
[EventDate "2018.07.13"]
[EventType "swiss (blitz)"]
[EventRounds "11"]
[EventCountry "FRA"]
[SourceTitle "CBM 185 Extra"]
[Source "ChessBase"]
[SourceDate "2018.07.29"]
[SourceVersion "1"]
[SourceVersionDate "2018.07.29"]
[SourceQuality "1"]

1. d4 Nf6 2. Bf4 e6 3. e3 d5 4. Nd2 Bd6 5. Bg3 c5 6. c3 Qc7 7. Ngf3 Nbd7 8. Rc1 c4 9. Qc2 0-0 10. e4 e5 11. exd5 exd4 12. Nxd4 Re8+ 13. Be2 Bxg3 14. hxg3 Ne5 15. Kf1 Bg4 16. Bxg4 Nexg4 17. Qf5 Re5 18. Qf4 Qd7 19. Nxc4 Rxd5 20. Re1 Rd8 21. Ne3 Nxe3+ 22. Rxe3 Rxd4 23. Qxd4 Qb5+ 24. c4 Qa5 25. Qc3 Qxc3 26. bxc3 Rd1+ 27. Re1 Rd2 28. Rh4 Rxa2 29. c5 Rc2 30. Rb4 Rxc3 31. Rxb7 g6 32. Rc7 a5 33. Ree7 Nd5 34. Rc8+ Kg7 35. Ra7 Rc2 36. Ke1 Ra2 37. c6 Nc3 38. f3 Rd2 39. Kf1 Rd1+ 1-0

[Event "Francophone-ch blitz 5th"]
[Site "Cannes"]
[Date "2018.07.13"]
[Round "4"]
[White "Brih, Said"]
[Black "Efimov, Igor"]
[Result "1-0"]
[WhiteElo "2293"]
[BlackElo "2433"]
[PlyCount "92"]
[EventDate "2018.07.13"]
[EventType "swiss (blitz)"]
[EventRounds "11"]
[EventCountry "FRA"]
[SourceTitle "CBM 185 Extra"]
[Source "ChessBase"]
[SourceDate "2018.07.29"]
[SourceVersion "1"]
[SourceVersionDate "2018.07.29"]
[SourceQuality "1"]

1. d4 e6 2. Nf3 c5 3. c3 Qc7 4. g3 Nf6 5. Bg2 Nc6 6. 0-0 Be7 7. Re1 d5 8. Bf4 Bd6 9. Bxd6 Qxd6 10. Nbd2 cxd4 11. cxd4 0-0 12. a3 a5 13. e3 Bd7 14. Rc1 Rfc8 15. Qb3 b5 16. Qa2 a4 17. Qb1 b4 18. axb4 Nxb4 19. Bf1 Rcb8 20. Ne5 Nc6 21. Nxd7 Nxd7 22. Qc2 Nb4 23. Qc7 Qxc7 24. Rxc7 Nf6 25. Ra1 Ne8 26. Rc3 Nd6 27. f3 g6 28. e4 dxe4 29. fxe4 Rd8 30. e5 Nf5 31. Bg2 Ra7 32. Rca3 Nxd4 33. Ne4 Ndc6 34. Rxa4 Rxa4 35. Rxa4 Rd1+ 36. Kf2 Nxe5 37. Bf1 Nd5 38. Ra8+ Kg7 39. b3 Rb1 40. Bc4 Nxc4 41. bxc4 Rb2+ 42. Kf3 Nf6 43. Nd2 Rxd2 44. c5 Rd3+ 45. Ke2 Rd5 46. Rc8 Nd7 1-0

[Event "Condom 16th"]
[Site "Condom"]
[Date "2017.07.08"]
[Round "1"]
[White "Laurent Paoli, Pierre"]
[Black "Brih, Said"]
[Result "1-0"]
[WhiteElo "2290"]
[BlackElo "2316"]
[PlyCount "106"]
[EventDate "2017.07.08"]
[EventType "tourn"]
[EventRounds "9"]
[EventCountry "FRA"]
[EventCategory "4"]
[SourceTitle "EXT 2018"]
[Source "ChessBase"]
[SourceDate "2017.10.13"]
[SourceVersion "1"]
[SourceVersionDate "2017.10.13"]
[SourceQuality "1"]

1. Nf3 Nf6 2. g3 d5 3. Bg2 c6 4. 0-0 g6 5. b3 Bg7 6. Bb2 0-0 7. c4 dxc4 8. bxc4 Na6 9. d3 Qa5 10. Nbd2 Re8 11. Be5 Nd7 12. Bxg7 Kxg7 13. Qc2 Nf6 14. d4 Qh5 15. Rab1 Rb8 16. e4 Bh3 17. e5 Ng4 18. Rfe1 Nc7 19. Ne4 f6 20. exf6+ exf6 21. Nd6 Re6 22. Rxe6 Nxe6 23. Qe4 Bxg2 24. Kxg2 Ng5 25. Qe7+ Kg8 26. Nh4 Qh6 27. Rxb7 Qf8 28. Rxb8 Qxb8 29. Ne8 Nf7 30. Nxf6+ Nxf6 31. Qxf6 Qd6 32. Qf3 Qxd4 33. Qxc6 Ne5 34. Qe6+ Kg7 35. Nf3 Nxf3 36. Kxf3 Qc5 37. Kg2 a5 38. h4 h5 39. Qd7+ Kf6 40. Qb5 Qc7 41. c5 Ke5 42. Qb6 Qf7 43. Qxa5 Qd5+ 44. Kh2 Kf5 45. Qb4 Qxa2 46. Qd4 Qc2 47. Qd5+ Kf6 48. Kg2 Kg7 49. c6 Kh6 50. Qg5+ Kg7 51. Qe7+ Kh6 52. c7 Qc6+ 53. Kh2 Qe8 1-0

[Event "Imperia op-A 52th"]
[Site "Imperia"]
[Date "2010.09.04"]
[Round "8"]
[White "Brih, Said"]
[Black "Mitura, Vaclav"]
[Result "1-0"]
[WhiteElo "2352"]
[BlackElo "2150"]
[PlyCount "56"]
[EventDate "2010.08.29"]
[EventType "swiss"]
[EventRounds "9"]
[EventCountry "ITA"]
[SourceTitle "EXT 2024"]
[Source "ChessBase"]
[SourceDate "2023.10.10"]
[SourceVersion "1"]
[SourceVersionDate "2023.10.10"]
[SourceQuality "1"]

1. Nf3 d5 2. d4 c6 3. c4 Nf6 4. Nc3 Bf5 5. g3 e6 6. Bg2 Bd6 7. 0-0 h6 8. Qb3 Qc8 9. Nd2 0-0 10. e4 dxe4 11. Ndxe4 Nxe4 12. Nxe4 Be7 13. Bf4 Bxe4 14. Bxe4 Nd7 15. Rfe1 Nf6 16. Bg2 Rd8 17. Rad1 Bd6 18. Be5 Bxe5 19. dxe5 Rxd1 20. Qxd1 Nd7 21. Qh5 Qc7 22. Re3 Nf8 23. Be4 Rd8 24. g4 Qd7 25. Kg2 Qd2 26. g5 hxg5 27. Rh3 f5 28. exf6 gxf6 1-0

[Event "Imperia op-A 52th"]
[Site "Imperia"]
[Date "2010.08.29"]
[Round "1"]
[White "Cavatorta, Fosco"]
[Black "Brih, Said"]
[Result "0-1"]
[WhiteElo "1965"]
[BlackElo "2352"]
[PlyCount "84"]
[EventDate "2010.08.29"]
[EventType "swiss"]
[EventRounds "9"]
[EventCountry "ITA"]
[SourceTitle "EXT 2024"]
[Source "ChessBase"]
[SourceDate "2023.10.10"]
[SourceVersion "1"]
[SourceVersionDate "2023.10.10"]
[SourceQuality "1"]

1. d4 Nf6 2. Nf3 g6 3. Nc3 d5 4. Bf4 Bg7 5. e3 0-0 6. Be2 c5 7. Ne5 Nc6 8. 0-0 Bf5 9. g4 Be6 10. Qd2 Nxe5 11. Bxe5 Nxg4 12. Bxg7 Kxg7 13. dxc5 Nf6 14. Qd4 Qc7 15. a3 Rac8 16. b4 Kg8 17. f4 b6 18. Ba6 bxc5 19. bxc5 Rb8 20. Rab1 Bh3 21. Rfe1 Qd7 22. Be2 Bg4 23. Rbd1 Rfd8 24. Rd2 Rbc8 25. Bxg4 Qxg4+ 26. Rg2 Qe6 27. Rg5 Qc6 28. Ne2 Qxc5 29. Qxc5 Rxc5 30. Nd4 Ne4 31. Rg2 Rb8 32. f5 Rc3 33. fxg6 hxg6 34. a4 Rxe3 35. Rxg6+ fxg6 36. Rxe3 Rb1+ 37. Kg2 Rb2 38. Kf3 Kf7 39. Kg4 Rb4 40. Rf3+ Nf6+ 41. Rxf6+ Kxf6 42. c3 Rxa4 0-1

[Event "Marrakesh op 1st"]
[Site "Marrakesh"]
[Date "2010.07.02"]
[Round "9"]
[White "Gleizerov, Evgeny"]
[Black "Brih, Said"]
[Result "1-0"]
[WhiteElo "2578"]
[BlackElo "2352"]
[PlyCount "85"]
[EventDate "2010.06.26"]
[EventType "swiss"]
[EventRounds "9"]
[EventCountry "MAR"]
[SourceTitle "CBM 137 Extra"]
[Source "ChessBase"]
[SourceDate "2010.09.01"]
[SourceVersion "1"]
[SourceVersionDate "2010.09.01"]
[SourceQuality "1"]

1. d4 Nf6 2. c4 g6 3. Nc3 Bg7 4. e4 d6 5. Nf3 0-0 6. Be2 c6 7. 0-0 a6 8. h3 Nbd7 9. e5 Ne8 10. Bf4 dxe5 11. dxe5 Qa5 12. e6 fxe6 13. Qd2 e5 14. Be3 Ndf6 15. c5 Be6 16. Ng5 Rd8 17. Qe1 Bf7 18. Nxf7 Kxf7 19. f4 exf4 20. Bc4+ e6 21. Rxf4 Nc7 22. b4 Qa3 23. Bc1 Qxc3 24. Qxc3 Rd1+ 25. Kh2 Ke7 26. Qf3 Rd7 27. Bb2 g5 28. Bxf6+ Bxf6 29. Rxf6 Rxf6 30. Qg3 h6 31. Rf1 Rxf1 32. Bxf1 Nd5 33. Qe5 Kf7 34. Bc4 Nf4 35. Qf5+ Kg7 36. Bxe6 Nxe6 37. Qxe6 Rf7 38. Kg3 Rf6 39. Qe5 Kg6 40. Qe4+ Kg7 41. Kg4 Rf7 42. Kh5 Rf6 43. g4 1-0

[Event "Marrakesh op 1st"]
[Site "Marrakesh"]
[Date "2010.06.28"]
[Round "5"]
[White "Brih, Said"]
[Black "Mikhalevski, Victor"]
[Result "0-1"]
[WhiteElo "2352"]
[BlackElo "2614"]
[PlyCount "41"]
[EventDate "2010.06.26"]
[EventType "swiss"]
[EventRounds "9"]
[EventCountry "MAR"]
[SourceTitle "CBM 137 Extra"]
[Source "ChessBase"]
[SourceDate "2010.09.01"]
[SourceVersion "1"]
[SourceVersionDate "2010.09.01"]
[SourceQuality "1"]

1. Nf3 Nf6 2. b4 g6 3. Bb2 Bg7 4. e3 0-0 5. Be2 d6 6. c4 e5 7. d3 Ne8 8. Nc3 f5 9. h4 h6 10. Qc2 Nf6 11. 0-0-0 Be6 12. h5 g5 13. d4 e4 14. Nxg5 hxg5 15. h6 Bh8 16. d5 Bc8 17. h7+ Nxh7 18. f3 a5 19. b5 exf3 20. gxf3 Qe7 21. Rd3 0-1

[Event "Marrakesh op 1st"]
[Site "Marrakesh"]
[Date "2010.06.27"]
[Round "3"]
[White "Brih, Said"]
[Black "Romanov, Evgeny"]
[Result "0-1"]
[WhiteElo "2352"]
[BlackElo "2594"]
[PlyCount "50"]
[EventDate "2010.06.26"]
[EventType "swiss"]
[EventRounds "9"]
[EventCountry "MAR"]
[SourceTitle "CBM 137 Extra"]
[Source "ChessBase"]
[SourceDate "2010.09.01"]
[SourceVersion "1"]
[SourceVersionDate "2010.09.01"]
[SourceQuality "1"]

1. e4 c5 2. b4 cxb4 3. Bc4 e6 4. Qe2 Nc6 5. Nf3 Nf6 6. 0-0 Nxe4 7. Qxe4 d5 8. Qe2 dxc4 9. Qxc4 Be7 10. Bb2 0-0 11. a3 Bf6 12. Bxf6 Qxf6 13. d4 e5 14. dxe5 Nxe5 15. Nxe5 Qxe5 16. Qxb4 Qxa1 17. Nc3 Qxf1+ 18. Kxf1 b6 19. h4 Be6 20. Nb5 Rfc8 21. Nd4 Bc4+ 22. Kg1 Rc5 23. Qd2 Re8 24. f4 h6 25. Kh2 Be6 0-1

[Event "Nice op"]
[Site "Nice"]
[Date "2009.08.??"]
[Round "8"]
[White "Brih, Said"]
[Black "Franco Alonso, Alejandro"]
[Result "0-1"]
[WhiteElo "2318"]
[BlackElo "2480"]
[PlyCount "68"]
[EventDate "2009.08.??"]
[EventType "swiss"]
[EventRounds "9"]
[EventCountry "FRA"]
[SourceTitle "EXT 2010"]
[Source "ChessBase"]
[SourceDate "2010.11.25"]
[SourceVersion "1"]
[SourceVersionDate "2010.11.25"]
[SourceQuality "1"]

1. d4 Nf6 2. c4 e6 3. Nc3 Bb4 4. e3 b6 5. Bd3 Bb7 6. f3 c5 7. a3 Bxc3+ 8. bxc3 Nc6 9. Ne2 0-0 10. 0-0 Na5 11. e4 Ne8 12. Ng3 Ba6 13. f4 Bxc4 14. Bxc4 Nxc4 15. f5 cxd4 16. cxd4 f6 17. e5 Rc8 18. Qg4 fxe5 19. Bg5 Nf6 20. Qe2 exd4 21. fxe6 d3 22. Qxd3 dxe6 23. Qe2 Qd5 24. Bxf6 Rxf6 25. Rxf6 Qd4+ 26. Kh1 Qxa1+ 27. Rf1 Qe5 28. Qf3 Nd6 29. Nh5 h6 30. h3 Nf5 31. Qb7 Rc2 32. Qd7 Qe2 33. Qd8+ Kh7 34. Rg1 Qxh5 0-1

[Event "Ancona Adriatico op"]
[Site "Ancona"]
[Date "2009.01.04"]
[Round "3"]
[White "Vuelban, Virgilio"]
[Black "Brih, Said"]
[Result "1-0"]
[WhiteElo "2411"]
[BlackElo "2268"]
[PlyCount "77"]
[EventDate "2009.01.02"]
[EventType "swiss"]
[EventRounds "9"]
[EventCountry "ITA"]
[SourceTitle "CBM 128 Extra"]
[Source "ChessBase"]
[SourceDate "2009.03.05"]
[SourceVersion "2"]
[SourceVersionDate "2009.03.25"]
[SourceQuality "1"]

1. d4 Nf6 2. c4 g6 3. Nc3 d5 4. cxd5 Nxd5 5. e4 Nxc3 6. bxc3 Bg7 7. Bc4 c5 8. Ne2 Nc6 9. Be3 0-0 10. 0-0 Qc7 11. Rc1 Rd8 12. Bf4 Be5 13. Bg3 Bxg3 14. Nxg3 cxd4 15. cxd4 Qb6 16. Qf3 Rf8 17. d5 Ne5 18. Qe3 Qf6 19. f4 Ng4 20. Qf3 Bd7 21. h3 Qb6+ 22. Kh1 Ne3 23. Rfe1 Nxc4 24. Rxc4 Rfc8 25. Rec1 Qb2 26. R1c2 Qa1+ 27. Kh2 h5 28. e5 h4 29. Ne4 Rxc4 30. Rxc4 Bf5 31. d6 Qb2 32. Qc3 b5 33. Rd4 Bxe4 34. Rxe4 Qf2 35. Qc6 Rd8 36. Qc7 Qb6 37. Qxe7 b4 38. Rxb4 Qxb4 39. Qxd8+ 1-0

[Event "Corsica Masters rap 12th"]
[Site "Ajaccio"]
[Date "2008.10.27"]
[Round "1.1"]
[White "Mamedyarov, Shakhriyar"]
[Black "Brih, Said"]
[Result "1-0"]
[WhiteElo "2731"]
[BlackElo "2243"]
[PlyCount "64"]
[EventDate "2008.10.27"]
[EventType "k.o. (rapid)"]
[EventRounds "4"]
[EventCountry "FRA"]
[SourceTitle "EXT 2009"]
[Source "ChessBase"]
[SourceDate "2008.11.26"]
[SourceVersion "1"]
[SourceVersionDate "2008.11.26"]
[SourceQuality "1"]

1. d4 Nf6 2. c4 g6 3. Nc3 d5 4. cxd5 Nxd5 5. e4 Nxc3 6. bxc3 Bg7 7. Bb5+ c6 8. Ba4 0-0 9. Ne2 b5 10. Bb3 Nd7 11. h4 c5 12. h5 cxd4 13. cxd4 Nc5 14. hxg6 hxg6 15. Bd5 Bb7 16. Bxb7 Nxb7 17. Qd3 Qd7 18. Qg3 Rfc8 19. Qh4 f5 20. Qh7+ Kf7 21. Bh6 Rg8 22. Nf4 Qc6 23. exf5 Qe4+ 24. Kf1 Qxf5 25. Rh5 Qf6 26. Nxg6 Qxd4 27. Rf5+ Ke6 28. Re1+ Kd6 29. Bf4+ e5 30. Bxe5+ Bxe5 31. Qe7+ Kc6 32. Nxe5+ Kd5 1-0

[Event "Cannes op 20th"]
[Site "Cannes"]
[Date "2008.07.30"]
[Round "3"]
[White "Brih, Said"]
[Black "Suarez Real, Alberto"]
[Result "0-1"]
[WhiteElo "2230"]
[BlackElo "2401"]
[PlyCount "112"]
[EventDate "2008.07.28"]
[EventType "swiss"]
[EventRounds "9"]
[EventCountry "FRA"]
[SourceTitle "CBM 125 Extra"]
[Source "ChessBase"]
[SourceDate "2008.09.01"]
[SourceVersion "1"]
[SourceVersionDate "2008.09.01"]
[SourceQuality "1"]

1. d4 Nf6 2. c4 g6 3. Nc3 Bg7 4. e4 d6 5. Nf3 0-0 6. Be2 e5 7. 0-0 Nc6 8. d5 Ne7 9. b4 c6 10. Bg5 a5 11. bxa5 Qxa5 12. Qd2 cxd5 13. cxd5 Bg4 14. h3 Bd7 15. Rfc1 b5 16. Nd1 Qa4 17. Qc2 Qxc2 18. Rxc2 Nc8 19. Rc7 Nb6 20. Be3 Rfb8 21. g4 Be8 22. Nd2 Nbxd5 23. exd5 Nxd5 24. Rcc1 f5 25. Nb3 Bf7 26. Bd2 e4 27. Nc3 b4 28. Nxd5 Bxa1 29. Ne7+ Kf8 30. Nc6 Bb2 31. Rc2 Rc8 32. Bxb4 Ba3 33. Bd2 Rc7 34. gxf5 gxf5 35. Bh6+ Kg8 36. Nbd4 Bd5 37. Nxf5 Bxc6 38. Rxc6 Rxc6 39. Ne7+ Kf7 40. Nxc6 d5 41. Nd4 Bb2 42. Bh5+ Kf6 43. Be3 Rxa2 44. f3 Ra4 45. fxe4 Bxd4 46. Bxd4+ Rxd4 47. exd5 Rxd5 48. Be2 Kg5 49. Kg2 Kf4 50. Bg4 Rd2+ 51. Kg1 Kg3 52. Kf1 Rf2+ 53. Kg1 Rf7 54. Bh5 Rc7 55. Kf1 Kxh3 56. Kf2 Rc5 0-1

[Event "Paris-ch op"]
[Site "Paris"]
[Date "2008.07.01"]
[Round "4"]
[White "Leconte, Maria"]
[Black "Brih, Said"]
[Result "1-0"]
[WhiteElo "2336"]
[BlackElo "2208"]
[PlyCount "59"]
[EventDate "2008.06.28"]
[EventType "swiss"]
[EventRounds "9"]
[EventCountry "FRA"]
[SourceTitle "EXT 2009"]
[Source "ChessBase"]
[SourceDate "2008.11.26"]
[SourceVersion "1"]
[SourceVersionDate "2008.11.26"]
[SourceQuality "1"]

1. e4 c5 2. c3 Nf6 3. e5 Nd5 4. d4 cxd4 5. Nf3 Nc6 6. cxd4 g6 7. Bc4 Nb6 8. Bb3 Bg7 9. Bf4 d6 10. exd6 0-0 11. h3 Bf5 12. 0-0 exd6 13. Nc3 Nb4 14. Nb5 Nc8 15. Qd2 a5 16. Rfc1 Nd3 17. Rc7 a4 18. Bg5 Qe8 19. Bc4 Qe4 20. Nc3 Qxf3 21. gxf3 Nb4 22. Ne4 Nc6 23. Bf6 Nb6 24. Bxf7+ Rxf7 25. Rxf7 Kxf7 26. Bxg7 Kxg7 27. Nxd6 Be6 28. Re1 Bxa2 29. Ne8+ Kg8 30. Qh6 1-0

[Event "Paris-ch op"]
[Site "Paris"]
[Date "2008.06.29"]
[Round "2"]
[White "Brih, Said"]
[Black "Pile, Richard"]
[Result "1-0"]
[WhiteElo "2208"]
[BlackElo "2318"]
[PlyCount "65"]
[EventDate "2008.06.28"]
[EventType "swiss"]
[EventRounds "9"]
[EventCountry "FRA"]
[SourceTitle "EXT 2009"]
[Source "ChessBase"]
[SourceDate "2008.11.26"]
[SourceVersion "1"]
[SourceVersionDate "2008.11.26"]
[SourceQuality "1"]

1. d4 Nf6 2. c4 e6 3. Nf3 b6 4. g3 Bb4+ 5. Bd2 Qe7 6. Bg2 Bb7 7. 0-0 Bxd2 8. Nbxd2 0-0 9. Qc2 d6 10. e4 e5 11. Nh4 g6 12. f4 Nbd7 13. Rae1 a5 14. Qc3 Nh5 15. fxe5 dxe5 16. Qe3 exd4 17. Qh6 Ne5 18. Nf5 Qd8 19. Bf3 gxf5 20. Bxh5 f6 21. exf5 Qe7 22. Rf4 Kh8 23. Bg6 Qg7 24. Rh4 Nxg6 25. fxg6 Qxh6 26. Rxh6 Kg7 27. Rxh7+ Kxg6 28. Ree7 Rae8 29. Rxc7 Re2 30. Nb3 Rg2+ 31. Kf1 Ba8 32. Nxd4 f5 33. Ne6 1-0

[Event "Paris-ch op"]
[Site "Paris"]
[Date "2008.06.28"]
[Round "1"]
[White "Bergez, Luc"]
[Black "Brih, Said"]
[Result "1-0"]
[WhiteElo "2367"]
[BlackElo "2208"]
[PlyCount "77"]
[EventDate "2008.06.28"]
[EventType "swiss"]
[EventRounds "9"]
[EventCountry "FRA"]
[SourceTitle "EXT 2009"]
[Source "ChessBase"]
[SourceDate "2008.11.26"]
[SourceVersion "1"]
[SourceVersionDate "2008.11.26"]
[SourceQuality "1"]

1. e4 c5 2. Nf3 Nc6 3. Bb5 g6 4. 0-0 Bg7 5. Bxc6 bxc6 6. d3 d6 7. h3 Rb8 8. Nc3 Nh6 9. Qe2 f6 10. b3 0-0 11. Bb2 Nf7 12. Na4 e5 13. Bc3 Be6 14. a3 f5 15. Bd2 f4 16. b4 cxb4 17. axb4 h5 18. Nb2 g5 19. Rxa7 g4 20. Nh2 Qh4 21. Nc4 Bh6 22. Kh1 gxh3 23. g3 Qg5 24. Rg1 Kh8 25. gxf4 Qxg1+ 26. Kxg1 Rg8+ 27. Kh1 Rg2 28. Nxd6 Rbg8 29. Nxf7+ Bxf7 30. Nf3 Be8 31. fxe5 Bg7 32. d4 Rf8 33. Be3 c5 34. bxc5 Rg8 35. Ng5 Rg4 36. Qf3 Bg6 37. Qxh3 Rb8 38. f3 Rb1+ 39. Kh2 1-0

[Event "Rhone op 4th"]
[Site "Rhone"]
[Date "2008.04.17"]
[Round "8"]
[White "Brih, Said"]
[Black "Garcia Roman, Daniel"]
[Result "0-1"]
[WhiteElo "2208"]
[BlackElo "2427"]
[PlyCount "86"]
[EventDate "2008.04.12"]
[EventType "swiss"]
[EventRounds "9"]
[EventCountry "FRA"]
[SourceTitle "CBM 123 Extra"]
[Source "ChessBase"]
[SourceDate "2008.05.06"]
[SourceVersion "1"]
[SourceVersionDate "2008.05.06"]
[SourceQuality "1"]

1. e4 c5 2. Nc3 g6 3. f4 Bg7 4. Nf3 Nc6 5. Bc4 e6 6. f5 Nge7 7. fxe6 fxe6 8. d3 0-0 9. Bg5 h6 10. Bd2 d5 11. Bb3 Nd4 12. 0-0 c4 13. dxc4 dxc4 14. Bxc4 Nxf3+ 15. Rxf3 Rxf3 16. Qxf3 Qxd2 17. Rf1 Qd4+ 18. Rf2 Qxc4 19. Qf7+ Kh7 20. Qxe7 Qd4 21. Nb5 Qd7 22. Rf7 Qd1+ 23. Rf1 Qd7 24. Rf7 Qd1+ 25. Rf1 Qxc2 26. Nc7 Bd7 27. Qxd7 Qc5+ 28. Rf2 Qc1+ 29. Rf1 Qe3+ 30. Kh1 Rf8 31. Qxg7+ Kxg7 32. Nxe6+ Kh7 33. Nxf8+ Kg8 34. Nd7 Qe2 35. Kg1 Qxb2 36. Nf6+ Kf7 37. Nh5+ Ke7 38. Nf4 g5 39. Nd5+ Ke6 40. Ne3 Qxa2 41. Nf5 Qb2 42. Nxh6 Qd4+ 43. Rf2 Qxe4 0-1

[Event "FRA-chT1B 0708"]
[Site "France"]
[Date "2008.03.16"]
[Round "9.2"]
[White "Rahal, Michael"]
[Black "Brih, Said"]
[Result "1/2-1/2"]
[WhiteElo "2390"]
[BlackElo "2207"]
[PlyCount "170"]
[EventDate "2007.10.21"]
[EventType "team"]
[EventRounds "11"]
[EventCountry "FRA"]
[SourceTitle "EXT 2009"]
[Source "ChessBase"]
[SourceDate "2008.11.26"]
[SourceVersion "1"]
[SourceVersionDate "2008.11.26"]
[SourceQuality "1"]
[WhiteTeam "Avignon"]
[BlackTeam "Creteil"]
[WhiteTeamCountry "FRA"]
[BlackTeamCountry "FRA"]

1. e4 c5 2. Nf3 Nc6 3. d4 cxd4 4. Nxd4 Nf6 5. Nc3 e5 6. Ndb5 d6 7. Bg5 a6 8. Na3 b5 9. Nd5 Be7 10. Bxf6 Bxf6 11. c4 Bg5 12. Nc2 bxc4 13. Bxc4 0-0 14. 0-0 Kh8 15. Kh1 f5 16. f3 f4 17. Nc3 Rb8 18. b3 Rf6 19. Qd3 Rh6 20. Bxa6 Bd7 21. Ne2 Bh4 22. Ng1 Bf2 23. Rxf2 Qh4 24. h3 Qxf2 25. Qe2 Qg3 26. Bb5 Rf8 27. Bxc6 Bxc6 28. Nb4 Bd7 29. Nd5 g5 30. Qe1 g4 31. Qxg3 fxg3 32. fxg4 Bxg4 33. a4 Be6 34. Ne2 Bxd5 35. exd5 Rh4 36. Nxg3 Rd4 37. a5 Rxd5 38. a6 Ra8 39. Ne4 Rd4 40. Nc3 Rb4 41. Ra5 Rxb3 42. Nb5 e4 43. Nxd6 e3 44. Re5 Rxa6 45. Nf5 Ra8 46. Nxe3 Ra1+ 47. Kh2 Re1 48. Ng4 Rxe5 49. Nxe5 Kg7 50. Nf3 Kg6 51. g4 Ra3 52. Kg3 h5 53. Kf4 Ra4+ 54. Kg3 Re4 55. Kh4 Ra4 56. Kg3 Kf6 57. Kh4 Ra3 58. Ng5 hxg4 59. hxg4 Ra8 60. Nf3 Ra3 61. Kg3 Ra4 62. Kh4 Rb4 63. Kg3 Ke6 64. g5 Kf5 65. g6 Kxg6 66. Kf2 Kf5 67. Ke2 Rb2+ 68. Nd2 Kf4 69. Kd3 Rb8 70. Nc4 Rd8+ 71. Kc3 Ke4 72. Nd2+ Ke3 73. Nc4+ Ke2 74. Ne5 Ke3 75. Nc4+ Ke4 76. Nd2+ Kd5 77. Kd3 Rh8 78. Ke3 Rh4 79. Nf3 Ra4 80. Nd2 Ra1 81. Nf3 Ra4 82. Nd2 Rh4 83. Nf3 Re4+ 84. Kd3 Rg4 85. Ke3 Rg3 1/2-1/2

[Event "FRA-chT1B 0708"]
[Site "France"]
[Date "2007.11.24"]
[Round "2.2"]
[White "Lerch, Patrice"]
[Black "Brih, Said"]
[Result "0-1"]
[WhiteElo "2306"]
[BlackElo "2207"]
[PlyCount "104"]
[EventDate "2007.10.21"]
[EventType "team"]
[EventRounds "11"]
[EventCountry "FRA"]
[SourceTitle "EXT 2009"]
[Source "ChessBase"]
[SourceDate "2008.11.26"]
[SourceVersion "1"]
[SourceVersionDate "2008.11.26"]
[SourceQuality "1"]
[WhiteTeam "Mulhouse II"]
[BlackTeam "Creteil"]
[WhiteTeamCountry "FRA"]
[BlackTeamCountry "FRA"]

1. e4 c5 2. Nc3 Nc6 3. g3 g6 4. Bg2 Bg7 5. d3 d6 6. Be3 Nd4 7. Qd2 e5 8. Nd5 Nf6 9. Nxf6+ Bxf6 10. c3 Nc6 11. Ne2 0-0 12. 0-0 Bg7 13. d4 Qe7 14. b4 exd4 15. cxd4 Nxb4 16. Rac1 Na6 17. Rfd1 Be6 18. Bg5 f6 19. Bf4 g5 20. Be3 b6 21. e5 Rad8 22. exd6 Rxd6 23. Qe1 Rfd8 24. Nc3 cxd4 25. Bxd4 Qf7 26. Nb5 R6d7 27. Bc6 Re7 28. Bb2 Rxd1 29. Qxd1 Nc5 30. a4 h5 31. a5 Nb3 32. axb6 axb6 33. Rc2 Nc5 34. Re2 Bb3 35. Qd8+ Bf8 36. Rxe7 Qxe7 37. Qxb6 Bc4 38. Ba3 Qe2 39. h4 Qf1+ 40. Kh2 Qxf2+ 41. Kh1 Qf1+ 42. Kh2 Qe2+ 43. Kh1 Qd1+ 44. Kh2 Qe2+ 45. Kh1 gxh4 46. Qd8 hxg3 47. Bg2 Ne4 48. Bb4 Nd6 49. Qxf6 Qd1+ 50. Bf1 Bxf1 51. Qg6+ Bg7 52. Qxd6 Qf3+ 0-1

[Event "Lyon op"]
[Site "Lyon"]
[Date "2007.11.03"]
[Round "7"]
[White "Brih, Said"]
[Black "Benitah, Yohan"]
[Result "0-1"]
[WhiteElo "2207"]
[BlackElo "2421"]
[PlyCount "94"]
[EventDate "2007.10.31"]
[EventType "swiss"]
[EventRounds "9"]
[EventCountry "FRA"]
[SourceTitle "EXT 2008"]
[Source "ChessBase"]
[SourceDate "2007.11.25"]
[SourceVersion "1"]
[SourceVersionDate "2007.11.25"]
[SourceQuality "1"]

1. e4 c5 2. Nf3 d6 3. d4 cxd4 4. Nxd4 Nf6 5. Nc3 a6 6. Be3 e6 7. Qd2 Be7 8. f3 Nc6 9. 0-0-0 Nxd4 10. Bxd4 Qc7 11. Kb1 0-0 12. g4 b5 13. g5 Nd7 14. h4 b4 15. Na4 Bb7 16. b3 d5 17. g6 fxg6 18. Bh3 Qd6 19. e5 Nxe5 20. Bc5 Qc7 21. Bxe6+ Kh8 22. h5 Nxf3 23. Qxb4 Rf4 24. hxg6 h6 25. Qb6 Qxb6 26. Nxb6 Bxc5 27. Nxa8 d4 28. Rh5 Ng5 29. Nc7 Bf3 30. Rf1 Bd6 31. Nd5 Rf8 32. Rxg5 hxg5 33. Rg1 g4 34. Kb2 Bh2 35. Rxg4 Bxg4 36. Bxg4 Rf2 37. Nb4 Rf6 38. Bh5 Kg8 39. a4 Kf8 40. a5 Bd6 41. Nxa6 d3 42. c3 Rf5 43. Bg4 Rg5 44. Bf3 Rxa5 45. Nb4 Rf5 46. Be4 Rf2+ 47. Kb1 d2 0-1